Central Library OPAC University of Rajshahi

Family measurement in India / (Record no. 34755)

MARC details
000 -LEADER
fixed length control field 01016nam a2200289 a 4500
001 - CONTROL NUMBER
control field 34755
003 - CONTROL NUMBER IDENTIFIER
rucl marc code BD-RjUL
005 - DATE AND TIME OF LATEST TRANSACTION
control field 20211209052215.0
008 - FIXED-LENGTH DATA ELEMENTS--GENERAL INFORMATION
fixed length control field 140519s1996 ii a b 000 0 eng
020 ## - INTERNATIONAL STANDARD BOOK NUMBER
International Standard Book Number 0803993293 (USHB)
International Standard Book Number 8170365643 (IndiaHB)
035 ## - SYSTEM CONTROL NUMBER
System control number (BD-RjUL)34849
040 ## - CATALOGING SOURCE
Original cataloging agency DLC
Transcribing agency DLC
Modifying agency DLC
-- BD-RjUL
Language of cataloging eng
041 ## - LANGUAGE CODE
Language code of text/sound track or separate title eng
082 00 - DEWEY DECIMAL CLASSIFICATION NUMBER
Classification number 306.85072054
Edition number 20
Author mark and year FAM 1996
245 00 - TITLE STATEMENT
Title Family measurement in India /
Statement of responsibility, etc. edited by Shalini Bharat.
260 ## - PUBLICATION, DISTRIBUTION, ETC. (IMPRINT)
Place of publication, distribution, etc. New Delhi ;
-- Thousand Oaks, Calif. :
Name of publisher, distributor, etc. Sage Publications,
Date of publication, distribution, etc. 1996.
300 ## - PHYSICAL DESCRIPTION
Pagination 319 p. :
Illustrations ill. ;
Size 23 cm.
500 ## - GENERAL NOTE
General note This vol. contains 12 papers presented at the National Seminar on Family Measurement organized in Bombay in 1992.
504 ## - BIBLIOGRAPHY, ETC. NOTE
Bibliography, etc Includes bibliographical references (p. [301]-314).
650 #0 - SUBJECT ADDED ENTRY--TOPICAL TERM
Topical term or geographic name as entry element Families
General subdivision Research
Geographic subdivision India
Form subdivision Congresses.
9 (RLIN) 105764
Topical term or geographic name as entry element Families
Geographic subdivision India
Form subdivision Congresses.
9 (RLIN) 105765
700 1# - ADDED ENTRY--PERSONAL NAME
Personal name Bharat, Shalini.
942 ## - ADDED ENTRY ELEMENTS (KOHA)
Source of classification or shelving scheme Dewey Decimal Classification
Koha item type Books
Holdings
Lost status Source of classification or shelving scheme Damaged status Not for loan Collection code Permanent Location Current Location Shelving location Date acquired Source of acquisition Cost, normal purchase price Total Checkouts Full call number Date last seen Copy number Koha item type
  Dewey Decimal Classification   Not For Loan Non-fiction Central Library, University of Rajshahi Central Library, University of Rajshahi Reading Room 03/04/2000 Dhaka, Lucky Syndicate. 395.00   306.85072054 FAM 1996 19/05/2014 C-1 Books
  Dewey Decimal Classification     Non-fiction Central Library, University of Rajshahi Central Library, University of Rajshahi   03/04/2000 Dhaka, Lucky Syndicate. 395.00   306.85072054 FAM 1996 19/05/2014 C-2 Books